Famille de footballeurs. - Statistiques

Statistiques générales
  • Ce quiz a été pris 134 fois
  • Le résultat moyen est 5 sur 22
Statistiques - réponses
Hint Réponse % Correct
Zinédine Zidane
100%
Marcus Thuram
93%
Christian Maldini
67%
Lucas Hernandez
56%
Giovani Simeone
48%
Ianis Hagi
43%
Edwin van der Sar
38%
Adria Vilanova
12%
Diego Poyet
5%
Lucas-Julian Scholl
5%
Fernando Redondo
4%
Enzo Enzo
2%
Diego Diego
1%
Paolo Paolo
1%
Fernando Fernando
0%
Gheorghe Gheorghe
0%
Gustavo Gustavo
0%
Jean-François Jean-François
0%
Joe Joe
0%
Lilian Lilian
0%
Mehmet Mehmet
0%
Tito Tito
0%
Aucun quiz correspondant
Distribution des résultats
% des personnes avec chaque résultat
Percentile par nombre de réponses
Votre historique - résultats
Vous n’avez pas pris ce quiz